Responses for show #5644 - Thursday, March 5, 2009

Contestants

[<< previous game]

Sara Harold, a mother and homemaker from San Diego, California

Clay Brown, a Presbyterian pastor from Mooresville, North Carolina

Tim McMahon, a lawyer originally from Lexington, Kentucky (whose 1-day cash winnings total $26,500)

[next game >>]

Jeopardy! Round responses

LITERARY CHARACTERS' E-MAILS
(Alex: You have to identify the sender for us.)
MIT DEN BEATLES
THAT'S THE FACT, JACK!
I'M IN SUCH A STATE!
PLURALIZE IT!
COMMON BONDS
    $200 21
Tarzan

Tim
    $200 26
Hamburg

Tim
    $200 6
GM

Tim
    $200 1
Alaska

Tim
    $200 11
sheep

Tim
    $200 16
have strings attached

Sara
    $400 22
(Alex: Moby-Dick.)

Ishmael

Sara
    $400 27
"I Want To Hold Your Hand"

Clay
    $400 7
Thor

Tim
    $400 2
Louisiana

Tim
    $400 12
crises

Clay
    $400 17
(things with) horns

Clay
    $600 23
(Alex: From Gone With The Wind.)

Ashley Wilkes

Triple Stumper
    $600 28
(Tim: What is A Hard Day's Night?)

Backbeat

Tim
Triple Stumper
    $600 8
Tsar Nicholas II

Triple Stumper
    $600 3
Utah

Clay
    $600 13
oxen

Tim
    $1,000 18
(Clay: What are cuts?)
(Alex: No. What are [*]? She had that famous dance with the long [*], and a boxer and surgeon, of course, also wear them.)

gloves

Clay
    $800 24
(Sara: Who is Dracula?)
...
(Alex: Talking about Anne Rice's work here.)

Lestat

Sara
Triple Stumper
    $800 29
"She Loves You"

Tim
    $800 9
polonium

Tim
    $800 4
Kentucky

Clay
    $800 14
alumni

Clay
    $800 19
tigers

Sara
    $1000 25
(Alex: [*] from Lord of the Flies.)

Piggy

Sara
    $1000 30
"Get Back"

Tim
    $1000 10
Moses

Tim
    $1000 5
(Tim: What is Iowa?)

Nebraska

Tim
Triple Stumper
    $1000 15
cherubim

Tim
    $1000 20
(Tim: What are things that are secret?)

hoods

TimSara

Scores at the first commercial break (after clue 15):

Tim Clay Sara
$3,800 $2,600 $0

Scores at the end of the Jeopardy! Round:

Tim Clay Sara
$4,400 $2,400 $2,600

Double Jeopardy! Round responses

PHYSICS
THE ANGEL GABRIEL
HISTORIC NEWS PHOTOS
SHAKE, RATTLE & ROLL
BODY LANGUAGE
COMMON BLONDES
    $400 3
they would stop

Triple Stumper
    $400 1
an archangel

Clay
    $400 13
(Sara: What is August, 1969?)

July, 1969

TimSara
    $400 18
(Tim: What is skateboarding?)
(Sara: What is snowboarding?)

surfing

TimClaySara
    $400 5
arm

Tim
    $400 26
Marilyn Monroe

Sara
    $800 4
diffraction

Triple Stumper
    $800 2
Jerusalem

Tim
    $800 14
George Wallace

Clay
    $800 19
breakdancing

Tim
    $800 6
leg

Tim
    $800 27
Goldie Hawn

Tim
    $1200 23
viscosity

Tim
    $1200 10
John the Baptist

Clay
    $1200 15
the Great Depression

Tim
    $1200 20
maracas

Tim
    $1200 7
neck

Sara
    $1200 28
(Cameron) Diaz

Tim
    $1600 24
(Tim: What is harmonic?)

sympathetic vibration

Tim
Triple Stumper
    $1600 11
Babylon

Sara
    $3,000 16
(Tim: What is 1975?)

1974

Tim
    $1600 21
Shake 'n Bake

Tim
    $3,000 8
hip

Sara
    $2000 25
longitudinal

Triple Stumper
    $2000 12
(Tim: Who is Ezekiel?)

Daniel

Tim
Triple Stumper
    $2000 17
Roy Cohn

Clay
    $2000 22
a seismograph

Triple Stumper
    $2000 9
(Sara: Um...what is bear?)

to stomach

Sara
Triple Stumper

Scores at the end of the Double Jeopardy! Round:

Tim Clay Sara
$7,800 $7,200 $6,000

[wagering suggestions for these scores]

Final Jeopardy! Round responses

FRANCO-AMERICAN HISTORY
SaraWhat is Hispaniola???
$5,500
ClayWhat is New Orleans?
$7,000
TimWhat is Avery Island?
$6,601
Hispaniola (or Haiti)

Final scores:

Tim Clay Sara
$1,199 $200 $11,500
2nd place: $2,000 3rd place: $1,000 New champion: $11,500

Game dynamics:

Coryat scores:

Tim Clay Sara
$10,800 $8,200 $4,600
24 R,
7 W
(including 1 DD)
11 R,
1 W
(including 1 DD)
9 R
(including 1 DD),
4 W

Combined Coryat: $23,600

The J! Archive is created by fans, for fans. The Jeopardy! game show and all elements thereof, including but not limited to copyright and trademark thereto, are the property of Jeopardy Productions, Inc. and are protected under law. This website is not affiliated with, sponsored by, or operated by Jeopardy Productions, Inc. Join the discussion at JBoard.tv.